Enciclopedia de la física / (Registro nro. 11541)

Detalles MARC
000 -LIDER
fixed length control field 00659nam a22002177a 4500
003 - IDENTIFICACDOR DE NÚMERO DE CONTROL
control field DO-SdBNP
005 - DATE AND TIME OF LATEST TRANSACTION
control field 20171110081710.0
008 - ELEMENTOS DE LONGITUD FIJA
fixed length control field 161012b 1960 sp||||| |||| 00| 0 spa d
040 ## - FUENTE DE CATALOGACIÓN
Agencia que crea de manera original el registro BPMSU
Idioma de catalogación spa
Agencia que realiza la transcripción BPMSU
082 #4 - NÚMERO DE CLASIFICACIÓN DECIMAL DE DEWEY
Classification number 530
Item number F363e
100 1# - ASIENTO PRINCIPAL -- NOMBRE PERSONAL
Nombre personal Fernández Ferrer, Julián
245 ## - MENCIÓN DE TITULO
Título Enciclopedia de la física /
Mención de responsabilidad Julián Fernández Ferrer
260 ## - PUBLICACIÓN, DISTRIBUCIÓN, ETC. (PIE DE IMPRENTA)
Lugar de publicación, distribución, etc Barcelona :
Nombre del editor, distribuidor, etc. De Gasso Hermanos
Fecha de publicación, distribución, etc 1960
300 ## - DESCRIPCIÓN FÍSICA
Extensión 370 p. :
Otros detalles físicos il. :
Dimensiones 20 cm
490 ## - MENCIÓN DE SERIES
Mención de serie Enciclopedias de Gassó saber y amenidad
650 #4 - ENCABEZAMIENTO DE MATERIA--TEMÁTICO
Término temático o nombre geográfico como elemento de entrada FÍSICA
910 ## - VALIDACIÓN
Validación Validado. Control de calidad MFF
942 ## - ADDED ENTRY ELEMENTS (KOHA)
Source of classification or shelving scheme Dewey Decimal Classification
Koha item type Libros
945 ## - INFORMACIÓN DE PROCESAMIENTO LOCAL
Información de procesamiento local Invetariado extranjero / 2017 VM
956 ## - LOCAL ELECTRONIC LOCATION AND ACCESS (OCLC)
Nombre de host dgarcia
Existencias
Withdrawn status Lost status Source of classification or shelving scheme Damaged status Not for loan Collection code Home library Current library Date acquired Total Checkouts Full call number Barcode Date last seen Price effective from Koha item type
    Dewey Decimal Classification     Colección de Referencia General Biblioteca Pública Metropolitana Salomé Ureña Biblioteca Pública Metropolitana Salomé Ureña 10/12/2016   530 F363e BPMSU16100114 10/12/2016 10/12/2016 Libros